| 000 | 00639nam a2200217 a 4500 | ||
|---|---|---|---|
| 001 | BRL_609 | ||
| 005 | 20190320210823.0 | ||
| 008 | 100913s1933----ag-#######---#000-0#spa-# | ||
| 041 | _aspa | ||
| 044 | _aag | ||
| 050 | 4 |
_aPR4854 _b.K57 1933 |
|
| 100 | 1 |
_aKipling, Rudyard _d1865-1936 _916069 |
|
| 245 | 1 | 0 |
_aCuentos de la Montaña _cRudyard Kipling. |
| 260 |
_a[Buenos Aires] _bBiblioteca las Grandes Obras _c[1933] |
||
| 300 |
_a190 p. _c19 cm. |
||
| 500 | _aEstado físico: ejemplar incompleto, faltan páginas (p. 1-68) | ||
| 500 | _aAu678 | ||
| 650 | 1 | 4 |
_aCuentos ingleses _vNovela _ySiglo XIX _924422 |
| 902 | _aGRL | ||
| 942 |
_2lcc _cB |
||
| 999 |
_c9421 _d9421 |
||